<?xml version="1.0" encoding="UTF-8"?>
<record
    xmlns:xsi="http://www.w3.org/2001/XMLSchema-instance"
    xsi:schemaLocation="http://www.loc.gov/MARC21/slim http://www.loc.gov/standards/marcxml/schema/MARC21slim.xsd"
    xmlns="http://www.loc.gov/MARC21/slim">

  <leader>00899    a2200241   4500</leader>
  <controlfield tag="005">20081106120229.0</controlfield>
  <controlfield tag="008">081106t        xxu||||| |||| 00| 0 ur d</controlfield>
  <datafield tag="010" ind1=" " ind2=" ">
    <subfield code="a">UR-7326</subfield>
  </datafield>
  <datafield tag="020" ind1=" " ind2=" ">
    <subfield code="a">8190420003</subfield>
    <subfield code="c">101.00</subfield>
  </datafield>
  <datafield tag="035" ind1=" " ind2=" ">
    <subfield code="a">U-5881</subfield>
  </datafield>
  <datafield tag="037" ind1=" " ind2=" ">
    <subfield code="b">D.B.Act / Pub</subfield>
  </datafield>
  <datafield tag="082" ind1=" " ind2=" ">
    <subfield code="a">842</subfield>
  </datafield>
  <datafield tag="100" ind1=" " ind2=" ">
    <subfield code="a">&#x6A9;&#x644;&#x64A;&#x645; &#x639;&#x631; &#x641;&#x6CC;</subfield>
  </datafield>
  <datafield tag="245" ind1=" " ind2=" ">
    <subfield code="a">&#x633;&#x627; &#x62A; &#x628;&#x64A;&#x679;&#x64A;&#x648;&#x6BA; &#x6A9;&#x627; &#x628;&#x627;&#x67E;</subfield>
    <subfield code="b">(&#x679;&#x6CC;&#x6D4; &#x648;&#x6CC; -&#x688;&#x631;&#x627;&#x645;&#x6C1;)</subfield>
    <subfield code="c">&#x6A9;&#x644;&#x64A;&#x645; &#x639;&#x631; &#x641;&#x6CC;</subfield>
  </datafield>
  <datafield tag="246" ind1=" " ind2=" ">
    <subfield code="a">Saat  Betiyoo ka Baap</subfield>
    <subfield code="b">by Kaleem Urfi</subfield>
  </datafield>
  <datafield tag="260" ind1=" " ind2=" ">
    <subfield code="a">&#x627;&#x644;&#x6C1; &#x622;&#x628;&#x627; &#x62F;</subfield>
    <subfield code="b">&#x645;&#x6A9;&#x62A;&#x628;&#x6C1; &#x62C;&#x627; &#x648;&#x64A;&#x62F;</subfield>
    <subfield code="c">2006</subfield>
  </datafield>
  <datafield tag="270" ind1=" " ind2=" ">
    <subfield code="a">3/4&#x60C;&#x627;&#x679;&#x627; &#x644;&#x627; &#x6A9;&#x627;&#x644;&#x648;&#x646;&#x6CC;&#x60C;&#x634;&#x648; &#x6A9;&#x62A; &#x639;&#x644;&#x6CC; &#x631;&#x648;&#x688;&#x60C;</subfield>
    <subfield code="b">&#x627;&#x644;&#x6C1; &#x622;&#x628;&#x627;&#x62F;</subfield>
    <subfield code="e">211003</subfield>
  </datafield>
  <datafield tag="300" ind1=" " ind2=" ">
    <subfield code="a">112p</subfield>
    <subfield code="c">22 cm (Pbk.)</subfield>
  </datafield>
  <datafield tag="650" ind1=" " ind2=" ">
    <subfield code="a">&#x688;&#x631;&#x627;&#x645;&#x6C1;</subfield>
  </datafield>
  <datafield tag="650" ind1=" " ind2=" ">
    <subfield code="a">Drama</subfield>
  </datafield>
  <datafield tag="942" ind1=" " ind2=" ">
    <subfield code="a">dpl</subfield>
    <subfield code="c">UR</subfield>
    <subfield code="2">ddc</subfield>
    <subfield code="h">842</subfield>
    <subfield code="m">&#x6A9; &#x644; &#x6CC;</subfield>
  </datafield>
  <datafield tag="999" ind1=" " ind2=" ">
    <subfield code="c">3222</subfield>
    <subfield code="d">3222</subfield>
  </datafield>
  <datafield tag="952" ind1=" " ind2=" ">
    <subfield code="0">0</subfield>
    <subfield code="1">0</subfield>
    <subfield code="2">ddc</subfield>
    <subfield code="4">0</subfield>
    <subfield code="7">1</subfield>
    <subfield code="8">NFIC</subfield>
    <subfield code="a">DBAD</subfield>
    <subfield code="b">DBAD</subfield>
    <subfield code="d">2008-11-06</subfield>
    <subfield code="g">101.00</subfield>
    <subfield code="l">0</subfield>
    <subfield code="o">842 &#x6A9; &#x644; &#x6CC;</subfield>
    <subfield code="p">U-5881</subfield>
    <subfield code="r">2008-09-15 00:00:00</subfield>
    <subfield code="u">3430</subfield>
    <subfield code="v">101.00</subfield>
    <subfield code="w">2008-09-15</subfield>
    <subfield code="y">UR</subfield>
  </datafield>
</record>
